000 00285nam a22001337a 4500
008 170726b xxu||||| |||| 00| 0 eng d
020 _a9780131436350
041 _aeng
080 _22ND
_a004
100 _a30
101 _aSHK
245 _aDEATH MARCH
_cYOURDON,E
942 _2udc
_cBK
999 _c21940
_d21940